| 000 | 01001cam a2200313 4500 | ||
|---|---|---|---|
| 001 | 23592 | ||
| 003 | BD-RjUL | ||
| 005 | 20211209000940.0 | ||
| 008 | 140311s1971 nju b 001 0beng d | ||
| 020 | _a083867898X | ||
| 035 | _a(BD-RjUL)23657 | ||
| 040 |
_aDLC _cDLC _dDLC _dBD-RjUL _beng |
||
| 041 | _aeng | ||
| 082 | 0 | 0 |
_a843.912 _bKOM 1971 |
| 100 | 1 |
_aKopp, Richard L., _d1934- _972625 |
|
| 245 | 1 | 0 |
_aMarcel Proust as a social critic / _cby Richard L. Kopp. |
| 260 |
_aRutherford : _bFairleigh Dickinson University Press, _c1971 |
||
| 300 |
_a230 p. ; _c22 cm. |
||
| 350 | _a$9.50 | ||
| 500 | _aInclude index | ||
| 504 | _aBibliography: p. 219-227. | ||
| 600 | 1 | 0 |
_aProust, Marcel, _d1871-1922. _972637 |
| 600 | 1 | 0 |
_aProust, Marcel, _d1871-1922 _xPolitical and social views. _972638 |
| 650 | 0 |
_aLiterature and society _zFrance _xHistory _y20th century. _972628 |
|
| 650 | 0 |
_aSocial problems in literature. _954759 |
|
| 942 |
_2ddc _cBK |
||
| 999 |
_c23592 _d23592 |
||